Slide rule calculations / (Record no. 180213)
[ view plain ]
| 000 -LEADER | |
|---|---|
| fixed length control field | 00779 a2200181 4500 |
| 003 - CONTROL NUMBER IDENTIFIER | |
| control field | NUST |
| 005 - DATE AND TIME OF LATEST TRANSACTION | |
| control field | 20230707100350.0 |
| 040 ## - CATALOGING SOURCE | |
| Transcribing agency | Nust |
| 082 ## - DEWEY DECIMAL CLASSIFICATION NUMBER | |
| Classification number | 515,COO |
| 100 ## - MAIN ENTRY--PERSONAL NAME | |
| Personal name | H. O. Cooper |
| 9 (RLIN) | 113446 |
| 245 ## - TITLE STATEMENT | |
| Title | Slide rule calculations / |
| Statement of responsibility, etc. | Cooper,H.O |
| 260 ## - PUBLICATION, DISTRIBUTION, ETC. | |
| Place of publication, distribution, etc. | London |
| Name of publisher, distributor, etc. | H. Milford, Oxford University Press |
| Date of publication, distribution, etc. | 1931 |
| 300 ## - PHYSICAL DESCRIPTION | |
| Extent | 131p.; |
| 505 ## - FORMATTED CONTENTS NOTE | |
| Formatted contents note | Common logarithms (Page-1), Slide rule scales (Page-8), Multiplication and division (Page-15), Proportion and percentage (Page-29), Squares and square roots (Page-39), Cubes and cube roots (Page-46), Reversed slide methods (Page-54), The scale for reading logarithms (Page-60), Log log scales (Page-81), Applications (Page-92). |
| 600 ## - SUBJECT ADDED ENTRY--PERSONAL NAME | |
| Personal name | H. O. Cooper. |
| 9 (RLIN) | 113446 |
| 610 ## - SUBJECT ADDED ENTRY--CORPORATE NAME | |
| Corporate name or jurisdiction name as entry element | Slide rule |
| 9 (RLIN) | 113447 |
| 942 ## - ADDED ENTRY ELEMENTS (KOHA) | |
| Source of classification or shelving scheme | |
| Koha item type | Book |
| Call number prefix | 515,COO |
| Withdrawn status | Lost status | Source of classification or shelving scheme | Damaged status | Not for loan | Collection code | Permanent Location | Current Location | Date acquired | Total Checkouts | Full call number | Barcode | Date last seen | Price effective from | Koha item type | Shelving location | Public note |
|---|---|---|---|---|---|---|---|---|---|---|---|---|---|---|---|---|
| Military College of Signals (MCS) | Military College of Signals (MCS) | 12/12/2016 | 515 COO | MCS21975 | 12/08/2016 | 12/12/2016 | Book | |||||||||
| Military College of Signals (MCS) | Military College of Signals (MCS) | 12/12/2016 | 515,COO | MCS7658 | 12/08/2016 | 12/12/2016 | Book | General Stacks | Almirah No.82, Shelf No.3 |
